Loading...
| Literature - World Literature | 0 | 10 | 1 | 2 | 95 | 54 | 112.00 | 3 | 4 |
| Science - Biology | 0 | 8 | 0 | 1 | 80 | 25 | 73.00 | 1 | 2 |
| Literature - American Literature | 0 | 7 | 1 | 1 | 65 | 43 | 113.71 | 1 | 2 |
| Science - Chemistry | 0 | 6 | 1 | 1 | 55 | 82 | 106.67 | 0 | 0 |
| Literature - British Literature | 0 | 6 | 2 | 0 | 50 | 58 | 104.00 | 1 | 1 |
| Fine Arts - Classical Music | 0 | 4 | 0 | 0 | 40 | 101 | 115.25 | 0 | 0 |
| Literature - European Literature | 0 | 3 | 0 | 1 | 30 | 73 | 111.67 | 0 | 1 |
| Social Science | 0 | 1 | 0 | 0 | 10 | 96 | 96.00 | 0 | 1 |
| History - European History | 0 | 1 | 1 | 0 | 5 | 132 | 132.00 | 0 | 0 |
| Painting & Sculpture | 0 | 0 | 0 | 0 | 0 | 0.00 | 0 | 0 | |
| Fine Arts - Other Fine Arts | 0 | 0 | 0 | 0 | 0 | 0.00 | 0 | 0 | |
| Science - Physics | 0 | 0 | 1 | 0 | -5 | 0.00 | 0 | 0 | |
| Current Events | 0 | 0 | 1 | 0 | -5 | 0.00 | 0 | 0 |